000 00669nam a2200217 i 4500
003 DO-SdBNP
005 20230601140154.0
007 ta
008 110408s1999 000 spa d
040 _aDO-SdBNP
_bspa
_cBNPHU
_erda
082 _bC389
_222
245 0 _aCentro de Diagnóstico, Medicina Avanzada, Laboratorio y Telemedicina (CEDIMAT) :
_binformacion y servicios
264 _aSanto Domingo :
_bCEDIMAT,
_c1999.
300 _a55 paginas :
_bilustrado ;
_c23 cm
336 _2rdacontent
_atexto
_btxt
337 _2rdamedia
_asin mediación
_bn
338 _2rdacarrier
_avolumen
_bnc
590 _aInventariado, 2023 / DG
910 _aDG
942 _2ddc
_cLBS1
999 _c27912
_d27912